Central Library OPAC University of Rajshahi

A concise business guide to contract law / (Record no. 53921)

MARC details
000 -LEADER
fixed length control field 00653nam a2200229 a 4500
001 - CONTROL NUMBER
control field 53921
003 - CONTROL NUMBER IDENTIFIER
rucl marc code BD-RjUL
005 - DATE AND TIME OF LATEST TRANSACTION
control field 20211209080037.0
008 - FIXED-LENGTH DATA ELEMENTS--GENERAL INFORMATION
fixed length control field 161029s1998 enk||||| |||| 00| 0 eng d
020 ## - INTERNATIONAL STANDARD BOOK NUMBER
International Standard Book Number 0566079210
035 ## - SYSTEM CONTROL NUMBER
System control number (BD-RjUL)54043
040 ## - CATALOGING SOURCE
Original cataloging agency BD-RjUL
Language of cataloging eng
Transcribing agency BD-RjUL
Modifying agency BD-RjUL
041 ## - LANGUAGE CODE
Language code of text/sound track or separate title eng
082 ## - DEWEY DECIMAL CLASSIFICATION NUMBER
Edition number 23
Classification number 346.0741
Author mark and year BOC 1998
100 ## - MAIN ENTRY--PERSONAL NAME
Personal name Boundy, Charles
9 (RLIN) 161042
245 12 - TITLE STATEMENT
Title A concise business guide to contract law /
Statement of responsibility, etc. Charles Boundy
260 ## - PUBLICATION, DISTRIBUTION, ETC. (IMPRINT)
Place of publication, distribution, etc. England :
Name of publisher, distributor, etc. Gower,
Date of publication, distribution, etc. 1998.
300 ## - PHYSICAL DESCRIPTION
Pagination xiii, 284 p. :
Illustrations ill. ;
Size 23 cm.
500 ## - GENERAL NOTE
General note Includes Index
650 ## - SUBJECT ADDED ENTRY--TOPICAL TERM
Topical term or geographic name as entry element Commercial law
Geographic subdivision Great Britain.
9 (RLIN) 161043
942 ## - ADDED ENTRY ELEMENTS (KOHA)
Source of classification or shelving scheme Dewey Decimal Classification
Koha item type Books
Holdings
Lost status Source of classification or shelving scheme Damaged status Not for loan Collection code Permanent Location Current Location Shelving location Date acquired Source of acquisition Cost, normal purchase price Total Checkouts Full call number Date last seen Copy number Koha item type
  Dewey Decimal Classification     Non-fiction Central Library, University of Rajshahi Central Library, University of Rajshahi   28/11/2010 Paragon Enterprise Ltd.Dhaka. 19.99   346.0741 BOC 1998 29/10/2016 C-2 Books